000 00607nam a2200181Ia 4500
008 151202s9999||||xx |||||||||||||| ||und||
082 _bPNVM-83529
100 _aमांडरे सूर्यकांत.
245 _aधाकटी पाती.
260 _b"पुरंदरे प्रकाशन,पुणे."
260 _c2009
300 _a484
600 _aमांडरे सूर्यकांत.
630 _aधाकटी पाती.
700 _aमांडरे सूर्यकांत.
730 _aधाकटी पाती.
942 _cBOOK
999 _c1348355
_d1348352